Hacia el ecomunismo: una respuesta mítica a algunos problemas del marximo /
Guardado en:
| Autor principal: | |
|---|---|
| Formato: | Texto |
| Materias: | |
| Etiquetas: |
Agregar Etiqueta
Sin Etiquetas, Sea el primero en etiquetar este registro!
|
MARC
| LEADER | 00000 a a2200000 04500 | ||
|---|---|---|---|
| 001 | 41418 | ||
| 003 | |||
| 040 | |||
| 100 | |a Capriles, Elías | ||
| 245 | |a Hacia el ecomunismo: |b una respuesta mítica a algunos problemas del marximo / |c Elías Capriles | ||
| 650 | |a MARXIMO/ECOLOGIA/HISTORIA POLITICA/FILOSOFIA/SISTEMAS POLITICOS | ||
| 773 | |g número112 ( , 2007), páginas 271-308 | ||
| 999 | |c 37715 |d 37715 | ||
